NBA Teams by Colours - Statistics

General Stats
  • This quiz has been taken 114 times
  • The average score is 8 of 16
Answer Stats
% Correct
Los Angeles Lakers
86%
Milwaukee Bucks
77%
Boston Celtics
67%
Golden State Warriors
67%
New York Knicks
60%
Miami Heat
57%
Sacramento Kings
55%
Dallas Mavericks
49%
Charlotte Hornets
47%
Memphis Grizzlies
38%
Cleveland Cavaliers
37%
Portland Trail Blazers
36%
Denver Nuggets
31%
Houston Rockets
27%
Washington Wizards
27%
Atlanta Hawks
23%
No matching quizzes found
Score Distribution
Percent of People with Each Score
Percentile by Number Answered
Your Score History
You have not taken this quiz